000 02190nam0a2200361 4500
001 RU\NLR\bibl\1266316
005 20260407185509.0
010 _a5-902159-11-3
_9250
021 _aRU
_b2008-50796
_92814
035 _a(NLR Aleph) 001252234
090 _a326390
_c326390
100 _a20080828d2008 |||y0rusy50 ca
101 0 _arus
102 _aRU
105 _aa |||||||||
200 1 _aНефтепереработка - 2008
_eматериалы международной научно-практической конференции, 21 мая 2008 г.
_f[XVI Междунар. специализир. выставка "Газ. Нефть. Технологии - 2008", 20-23 мая, г. Уфа]
210 _aУфа
_cИзд-во ГУП "Институт нефтехимпереработки РБ"
_d2008
215 _a382 с.
_cил.
_d29
300 _aВ надзаг.: Ассоц. нефтепереработчиков и нефтехимиков, ГУП "Институт нефтехимпереработки РБ", ОАО "Уфанефтехим" [и др.]
300 _aПосвящается 60-летию каф. "Технологии нефти и газа" Уфим. гос. нефтян. техн. ун-та
320 _aБиблиогр. в конце отд. докл.
320 _aУказ.: 365-369
601 0 2 _aУфимский государственный нефтяной технический университет
_bКафедра технологии нефти и газа
_jСъезды, совещания и т.п.
_92536166
_3RU\NLR\auth\661501877
606 1 _aНефть
_jСъезды, совещания и т.п.
_xПереработка
_9900762
_3RU\NLR\auth\667353
686 _aЛ54я431(0)
686 _aЧ488.755.4(2)7я431
711 1 2 _a"Газ. Нефть. Технологии - 2008", международная специализированная выставка
_d16
_eУфа
_3RU\NLR\AUTH\8810121895
_9741869
801 0 _aRU
_bNLR
_c20080828
_gRCR
801 1 _aRU
_bNLR
_c20080828
942 _cBOOK
980 _aNB